000 00252nam a22001217a 4500
040 _cHS
082 _a351
100 _aNA
245 _aSmallholder flood plaints development programme (SFPDP)
260 _aIFAD
_bNA
_c1997
300 _aNA
942 _cEK
999 _c9508
_d9508